Management accounting and financial control / (Record no. 91406)

MARC details
000 -LEADER
fixed length control field 00598nam a22002057a 4500
005 - DATE AND TIME OF LATEST TRANSACTION
control field 20150311102436.0
010 ## - LCCN (DPL NO)
LC control number ENG-112171
020 ## - INTERNATIONAL STANDARD BOOK NUMBER
International Standard Book Number 9789351610328
Terms of availability 700.00
020 ## - INTERNATIONAL STANDARD BOOK NUMBER
International Standard Book Number 9351610322
Terms of availability 700.00
035 ## - SYSTEM CONTROL NUMBER
System control number EN-95703
037 ## - SOURCE OF ACQUISITION
Source of stock number/acquisition DBAD/PUB
082 ## - DEWEY DECIMAL CLASSIFICATION NUMBER
Classification number 658.1511
100 ## - MAIN ENTRY--PERSONAL NAME
Personal name Maheshwari, S.N.
245 ## - TITLE STATEMENT
Title Management accounting and financial control /
Statement of responsibility, etc by S.N. Maheshwari
250 ## - EDITION STATEMENT
Edition statement 16th ed
260 ## - PUBLICATION, DISTRIBUTION, ETC. (IMPRINT)
Place of publication, distribution, etc New Delhi
Name of publisher, distributor, etc Sultan Chand
Date of publication, distribution, etc 2015
270 ## - ADDRESS
Address 23, Daryaganj
City New Delhi
Postal code 110002
300 ## - PHYSICAL DESCRIPTION
Extent various pagings
Dimensions 25cm(pbk)
942 ## - ADDED ENTRY ELEMENTS (KOHA)
Source of classification or shelving scheme Dewey Decimal Classification
Item type English Books
Call number suffix MAH
Classification part 658.1511
Holdings
Withdrawn status Lost status Not for loan Collection code Home library Current library Date acquired Source of acquisition Cost, normal purchase price Full call number Barcode Copy number Cost, replacement price Koha item type
    Not For Loan Non-fiction D.B.Act.Division D.B.Act.Division 13/02/2015 DBAD/PUB 700.00 658.1511 MAH EN-95703 1 700.00 English Books

© Delhi Public Library
Hit Counter
free hit counter